00389nam a2200121 a 450000100100000000500170001000800410002704000250006810000460009324500590013926000490019830000200024700003009720240305102301.0110429s1955 dr 000 0 spa d aDO-SdBNPbspacBNPHU1 aCoiscou Henríquez, Máximo,d1876-197310aPlacer de la justicia /cMáximo Coiscou Henríquez. aCiudad Trujillo :bEditora Mont Alvo,c1955. a12 p. ;c27 cm.